Facilitadores(as) personales en el ámbito de la discapacidad, una experiencia cercana = Facilitators personal in the field of disability /
El artículo describe los diferentes paradigmas de la discapacidad, con el objetivo de comprender la importancia del servicio de los/as facilitadores personales en el ámbito de la discapacidad, desde una experiencia personal, académica y laboral.
Збережено в:
| Автор: | |
|---|---|
| Формат: | Текст |
| Предмети: | |
| Теги: |
Додати тег
Немає тегів, Будьте першим, хто поставить тег для цього запису!
|
MARC
| LEADER | 00000 a a2200000 04500 | ||
|---|---|---|---|
| 001 | 44446 | ||
| 003 | |||
| 040 | |||
| 100 | |a Ramírez Morera, Marcela | ||
| 245 | |a Facilitadores(as) personales en el ámbito de la discapacidad, una experiencia cercana = |b Facilitators personal in the field of disability / |c Marcela Ramírez Morera | ||
| 500 | |a marcelin.ramo@gmail.com |a marcela.ramirez@ucr.ac.cr | ||
| 520 | |a El artículo describe los diferentes paradigmas de la discapacidad, con el objetivo de comprender la importancia del servicio de los/as facilitadores personales en el ámbito de la discapacidad, desde una experiencia personal, académica y laboral. | ||
| 590 | |a RRH/ABRIL2013 | ||
| 650 | |a DISCAPACIDAD | ||
| 650 | |a AUTONOMIA | ||
| 650 | |a RELACIONES SOCIALES | ||
| 650 | |a INCLUSION SOCIAL | ||
| 650 | |a COSTA RICA | ||
| 773 | |g volumen91, número2 (2012), páginas 51-60 | ||
| 999 | |c 39990 |d 39990 | ||
